000 00649nam a22002417a 4500
003 UA-OsUOA
001 34253
007 ta
008 20050927b un ||||| |||| 00| 0 ukr d
100 _aОлдридж Д.
090 _a821.111
_bО-53
942 _cBK
040 _aUA-OsUOA
_brus
_cUA-OsUOA
_dUA-OsUOA
245 _aМорской орел
300 _a564 с.
955 _a3
041 _arus
080 _a821.111
260 _aСвенрдловск
_bУральский рабочий
_c1960
246 3 1 _aДело чести
_n
650 7 _a82 Література. Літературознавство
_2UDC
999 _c320684
_d320684